Statistiques concernant Harry Potter: les BUSE

Cliquez ici pour prendre le quiz!

Statistiques générales

  • Ce quiz a été pris 139 fois
    (129 depuis la dernière actualisation)
  • Le résultat moyen est 20 sur 30

Statistiques - réponses

InformationRéponses% Correct
Note (réussite)O
94%
Note (Echec)T
93%
Note (réussite)E
89%
Signification de la noteOptimal
89%
Note (Echec)P
87%
Signification de la noteTroll
87%
Note (réussite)A
86%
Note (Echec)D
84%
Signification de la noteAcceptable
81%
Nombre obtenu par NevilleAu moins 4
80%
Signification de la noteEffort Exceptionnel
80%
Nombre obtenu par Ron7 (sur 9)
79%
Nombre obtenu par Harry7 (sur 9)
79%
Nombre obtenu par George3
78%
Nombre obtenu par Fred3
78%
Signification de la notePiètre
78%
Année pendant laquelle on les passent5e année
77%
Nombre obtenu par Hermione10 (sur 10)
76%
Première apparitionHarry Potter et l'Ordre du Phenix
76%
Nombre obtenu par Barty Croupton Jr12
73%
Dernière apparitionHarry Potter et les Reliques de la Mort
73%
Nombre obtenu par Percy12
71%
Signification de la noteDésolant
69%
Première mentionHarry Potter et la Chambre des Secrets
66%
SignificationBrevet Universel de Sorcellerie Elémentaire
65%
Chose interdite pendant l'examenFelix Felicis
14%
Chose interdite pendant l'examenRapeltout
13%
Chose interdite pendant l'examenEncre Autocorrectrice
9%
Chose interdite pendant l'examenManchettes Copieuses
5%
Chose interdite pendant l'examenPlumes à Réponses Intégrées
3%

Distribution des résultats

Percentile par nombre de réponses

% des personnes avec chaque résultat

Votre développement - résultats

Vous n’avez pas pris ce quiz depuis la dernière actualisation